LEADER 01157nam0 2200301 450 001 000019021 005 20081107131622.0 010 $a88-464-0468-8 100 $a20081107d1997----km-y0itay50------ba 101 0 $aita 102 $aIT 105 $aa-------001yy 200 1 $aFormazione e lavoro$fa cura di Luigi Frey$gscritti di: Giuseppe Croce ... [et al.] 210 $aMilano$cFranco Angeli$dc1997 215 $a150, XX p.$cill.$d22 cm 225 2 $aQuaderni di economia del lavoro$v58 300 $aIn appendice: Formazione e lavoro nell'Unione europea a metà anni '90 / di Luigi Frey, estratto da: Tendenze della occupazione, periodico del Ceres, Centro di ricerche economiche e sociali, n. s., a. 2, n. 1-2. 410 0$12001$aQuaderni di economia del lavoro 500 10$aFormazione e lavoro$955368 610 1 $aFormazione professionale$aSaggi 676 $a331.2592$v21$9Formazione professionale 702 1$aFrey,$bLuigi$4070 702 1$aCroce,$bGiuseppe$4070 801 0$aIT$bUNIPARTHENOPE$c20081107$gRICA$2UNIMARC 912 $a000019021 951 $a811/7$b8440$cNAVA2 996 $aFormazione e lavoro$955368 997 $aUNIPARTHENOPE LEADER 02072nam0 22004693i 450 001 RML0406990 005 20231121125802.0 010 $a2070366782$bDep. Leg.1994 100 $a20161213d1994 ||||0itac50 ba 101 | $afre$crus 102 $afr 181 1$6z01$ai $bxxxe 182 1$6z01$an 200 1 $aEnfance$a*Adolescence$a*Jeunesse$fLéon Tolstoï$gpréface de Michel Aucouturier$gtraduction et notes de Sylvie Luneau 210 $aParis$cGallimard$d1994 215 $a500 p.$d18 cm. 225 | $aFolio$v678 410 0$1001RAV0110397$12001 $aFolio$v678 500 10$aDetstvo, Otrocestvo$3BA10090801$9CFIV010449$92961656 676 $a891.733$9Narrativa russa. 1800-1917.$v22 700 1$aTolstoj$b, Lev Nikolaevi?$3CFIV010449$4070$0159663 702 1$aLuneau$b, Sylvie$3LO1V133451$4730 702 1$aAucouturier$b, Michel$3MILV035948$4080 790 1$aTolstoy$b, Léon$3BVEV011791$zTolstoj, Lev Nikolaevi? 790 1$aTolstoj$b, Leo$3BVEV061006$zTolstoj, Lev Nikolaevi? 790 1$aTolstoj$b, Leone$3CFIV019431$zTolstoj, Lev Nikolaevi? 790 1$aTolstoj$b, Nikolaevi?$3CFIV077302$zTolstoj, Lev Nikolaevi? 790 1$aTolstoj$b, Lev$3CFIV086628$zTolstoj, Lev Nikolaevi? 790 1$aTolstoi$b, Lev Nikolaevi?$3CFIV144958$zTolstoj, Lev Nikolaevi? 790 1$aTolstòj$b, Lev Nikolaevic$3CFIV205023$zTolstoj, Lev Nikolaevi? 790 1$aTolstoj$b, Graf Lev Nikolaevi?$3CFIV331187$zTolstoj, Lev Nikolaevi? 790 1$aTolstoi$b, Leone$3MUSV064929$zTolstoj, Lev Nikolaevi? 790 1$aTolstoï$b, Léon$3RMLV036602$zTolstoj, Lev Nikolaevi? 790 1$aTolstoi$b, Leo N.$3RMLV037657$zTolstoj, Lev Nikolaevi? 801 3$aIT$bIT-01$c20161213 850 $aIT-FR0017 899 $aBiblioteca umanistica Giorgio Aprea$bFR0017 $eN 912 $aRML0406990 950 0$aBiblioteca umanistica Giorgio Aprea$d 52FOLIO 678$e 52FLS0000059735 VMB RS $fA $h20161213$i20161213 977 $a 52 996 $aDetstvo, Otrocestvo$92961656 997 $aUNICAS